Experiments in modern physics / (Record no. 3505)

MARC details
000 -LEADER
fixed length control field 00484nam a2200193 4500
005 - DATE AND TIME OF LATEST TRANSACTION
control field 20150331090451.0
007 - PHYSICAL DESCRIPTION FIXED FIELD--GENERAL INFORMATION
fixed length control field 000
008 - FIXED-LENGTH DATA ELEMENTS--GENERAL INFORMATION
fixed length control field 000
020 ## - INTERNATIONAL STANDARD BOOK NUMBER
International Standard Book Number 0124898505
040 ## - CATALOGING SOURCE
Original cataloging agency UOEL
050 ## - LIBRARY OF CONGRESS CALL NUMBER
Classification number QC33
Item number .M52 1966
100 ## - MAIN ENTRY--PERSONAL NAME
Personal name Melissinos, Adrian C.
245 ## - TITLE STATEMENT
Title Experiments in modern physics /
Statement of responsibility, etc Adrian C. Melissinos
260 ## - PUBLICATION, DISTRIBUTION, ETC. (IMPRINT)
Place of publication, distribution, etc Boston ;
Name of publisher, distributor, etc Academic Press Inc. ,
Date of publication, distribution, etc c1966.
300 ## - PHYSICAL DESCRIPTION
Extent xv, 559 p. :
500 ## - GENERAL NOTE
General note Includes index
650 ## - SUBJECT ADDED ENTRY--TOPICAL TERM
Topical term or geographic name as entry element Physics - modern
General subdivision Physics
942 ## - ADDED ENTRY ELEMENTS (KOHA)
Source of classification or shelving scheme Library of Congress Classification
Item type Loan - Normal on open shelf
Holdings
Withdrawn status Lost status Source of classification or shelving scheme Damaged status Not for loan Home library Current library Shelving location Date acquired Total Checkouts Full call number Barcode Date last seen Copy number Price effective from Koha item type
    Library of Congress Classification     UOE Main Library UOE Main Library Open shelf 31/03/2015   QC33 .M52 1966 10052738 27/04/2026 10052738 31/03/2015 Loan - Normal on open shelf